[Event "Ambalangoda Dhamso op 3rd"]
[Site "Ambalangoda"]
[Date "2013.02.24"]
[Round "7"]
[White "Liyanage, NS."]
[Black "Miraj, DA."]
[Result "0-1"]
[WhiteElo "1702"]
[BlackElo "1936"]
[PlyCount "20"]
[EventDate "2013.02.21"]
[EventType "swiss"]
[EventRounds "9"]
[EventCountry "SRI"]
[SourceTitle "CBM 153 Extra"]
[Source "ChessBase"]
[SourceDate "2013.04.22"]
[SourceVersion "1"]
[SourceVersionDate "2013.04.22"]
[SourceQuality "1"]

1. e4 c5 2. Nf3 Nc6 3. d4 cxd4 4. Nxd4 Nf6 5. Nc3 d6 6. f3 Qb6 7. Nxc6 bxc6 8. Bd3 g6 9. Qe2 Bg7 10. f4 h5 0-1

[Event "Ambalangoda Dhamso op 1st"]
[Site "Ambalangoda"]
[Date "2011.04.22"]
[Round "3"]
[White "Liyanage, NS."]
[Black "Kalugampitiya, RS."]
[Result "0-1"]
[WhiteElo "1704"]
[BlackElo "2132"]
[PlyCount "52"]
[EventDate "2011.04.21"]
[EventType "swiss"]
[EventRounds "9"]
[EventCountry "SRI"]
[SourceTitle "CBM 142 Extra"]
[Source "ChessBase"]
[SourceDate "2011.06.27"]
[SourceVersion "1"]
[SourceVersionDate "2011.06.27"]
[SourceQuality "1"]

1. e4 c5 2. Nf3 d6 3. d4 cxd4 4. Nxd4 Nf6 5. Nc3 a6 6. a4 e6 7. Be2 Be7 8. Be3 Nc6 9. 0-0 0-0 10. f4 Re8 11. Qd2 Qc7 12. Bf3 Na5 13. b3 Bd7 14. Nd1 Rac8 15. e5 dxe5 16. fxe5 Qxe5 17. Bf4 Qc5 18. Be3 Qc7 19. Rc1 e5 20. Ne2 e4 21. Bf4 Qb6+ 22. Kh1 exf3 23. Rxf3 Bg4 24. Be3 Qd8 25. Qxd8 Bxd8 26. Rf2 Ne4 0-1